| 000 | 00390pam a2200157 a 4500 | ||
|---|---|---|---|
| 020 |
_a8181470273 _c |
||
| 041 | _h | ||
| 082 |
_a618.1 _bPAD |
||
| 100 | _aPADUBIDRI, V . | ||
| 245 |
_aHOWKINS & BAURNA SHAW`S TEXT BOOK OF GYNAECOLOGY / _hTextual Documents |
||
| 250 | _a13 ED. | ||
| 260 |
_a[s.l]: _bELSEVIER , , _c2004. |
||
| 300 |
_a508 ; : _cA4. |
||
| 930 | _a96 | ||
| 999 |
_c794635 _d794635 |
||
| 650 | _aOBST.GYNE | ||